000 01221cam a22003377i 4500
001 3018
005 20241106154336.0
020 _a9780545451901
040 _aBIB
_beng
_cBIB
_erda
_dOCLCO
_dOCLCF
_dOQX
_dDLC
050 0 0 _aQL568.V5
_b 2013
082 _a595.79
100 1 _aPallotta, Jerry
245 1 0 _aHornet vs. wasp /
_cby Jerry Pallotta ; illustrated by Rob Bolster.
246 3 _aHornet versus wasp
250 _aFirst printing, September 2013
260 _aNew York :
_bScholastic ,
_c2013
300 _a32 pages :
_bcolor illustrations ;
_c23 cm .
490 0 _aWho would win?
505 _aN
520 _aContains facts about the hornet and the wasp, comparing such aspects as their sizes and abilities, and what the outcome would be if they were to fight each other.
521 _a570
_bLexile
521 _aN
_bRaz-Plus
650 0 _aHornets
_vJuvenile literature.
650 0 _aWasps
_vJuvenile literature.
650 7 _aHornets.
_2fast
_0(OCoLC)fst00960332
650 7 _aWasps.
_2fast
_0(OCoLC)fst01170952
655 7 _aJuvenile works.
_2fast
_0(OCoLC)fst01411637
700 1 _aBolster, Rob,
_eillustrator
906 _a7
_bcbc
_ccopycat
_d2
_encip
_f20
_gy-gencatlg
942 _2ddc
_cBK
_n0
999 _c3018
_d3018